Gua̕ prc̀tica de ISR Gua̕ prc̀tica de ISR /

Detalles Bibliográficos
Autor principal: Přez Chavez, Još
Formato: eBook
Lenguaje:español
Publicado: Mx̌ico D.F.: Tax Editores, 2015
Materias:
Acceso en línea:Acceso restringido

MARC

LEADER 00000nam a22000007a 4500
005 20150515142642.0
007 cr|||| ||||
008 150515s2015 mx |||||s|||| 00||0 spa d
020 |a 978-607-440-748-8 
035 |a 12688 
040 |a vLex 
090 |c 5421  |d 5421 
100 1 |a Přez Chavez, Još 
245 1 0 |a Gua̕ prc̀tica de ISR  |h [Recurso electrn̤ico] :  |b Gua̕ prc̀tica de ISR /  |c Jos ̌Přez Chavez, Raymundo Fol Olguin  
256 |a Servicio en ln̕ea 
260 |a Mx̌ico D.F.:  |b Tax Editores,  |c 2015 
300 |a 1 recurso electrn̤ico 
500 |a Uno de los tributos ms̀ importantes que deben pagar las personas fs̕icas es el Impuesto sobre la Renta (ISR), el cual, por lo general, grava la renta (utilidades) de las personas tanto fs̕icas como morales. En esta obra el lector podr ̀encontrar, entre otros, los siguientes temas relativos a las personas fs̕icas: 1. Tratamiento fiscal de los ingresos por salarios y conceptos asimilados a estos. 2. Determinacin̤ de la base del impuesto y cl̀culo de los pagos provisionales de las personas fs̕icas que desarrollan actividades empresariales y profesionales. 3. Cl̀culo de la base del impuesto y de los pagos bimestrales definitivos de las personas fs̕icas que tributan en el rǧimen de incorporacin̤ fiscal. 4. Determinacin̤ de la base del impuesto y de los pagos provisionales por el arrendamiento de bienes inmuebles. 5. Tratamiento fiscal de los ingresos por enajenacin̤ de bienes muebles e inmuebles, intereses, dividendos y dems̀ ingresos de las personas fs̕icas. 6. Cl̀culo del impuesto del ejercicio de las personas fs̕icas. Estamos seguros de que esta obra ser ̀de gran utilidad para los estudiantes de nuestra legislacin̤ tributaria federal, para los despachos de contadores pb︢licos, as ̕como para las personas interesadas en temas fiscales. 
506 1 |a Contenido disponible en los productos indicados  |d vLex Global  |d vLex Global (Academic Edition, excluding Law Schools)  |d vLex Global (U.S. Academic Edition, Law Schools)  |d vLex Global (U.S. Academic Edition, excluding Law Schools)  |d vLex Global (Academic Edition, Law Schools) 
650 0 4 |a Impuestos  |z Mx̌ico 
650 0 4 |a Derecho fiscal  |z Mx̌ico 
740 0 |a vLex Libros (Servicio en ln̕ea) 
856 4 0 |u http://vlex.com/source/guia-practica-de-isr-personas-fisicas-2015-12688  |z Acceso restringido 
942 |c BOOK 
999 0 |a Taxation